NLSUI OPAC header image

Electronic judicial resource management / (Record no. 31943)

MARC details
000 -LEADER
fixed length control field 00835nam a2200217Ia 4500
005 - DATE AND TIME OF LATEST TRANSACTION
control field 20260623120238.0
008 - FIXED-LENGTH DATA ELEMENTS--GENERAL INFORMATION
fixed length control field 160316s2005 xxu||||| |||| 00| 0 eng d
020 ## - INTERNATIONAL STANDARD BOOK NUMBER
International Standard Book Number 1403928657 (hbk.)
082 ## - DEWEY DECIMAL CLASSIFICATION NUMBER
Classification number 347.013 AGA-2
245 ## - TITLE STATEMENT
Title Electronic judicial resource management /
Statement of responsibility, etc. Kamlesh N Agarwala and Murli D Tiwari
260 ## - PUBLICATION, DISTRIBUTION, ETC.
Place of publication, distribution, etc. Delhi :
Name of publisher, distributor, etc. Macmillan Publishing,
Date of publication, distribution, etc. 2005.
300 ## - PHYSICAL DESCRIPTION
Extent x, 485 p. ;
Dimensions 22 cm.
365 ## - TRADE PRICE
Price amount RS. 695
505 ## - Contents
Contents 1: Perspective ;<br/>2: Managing change ;<br/>3: Emerging technologies ;<br/>4: Networking ;<br/>5: Academic institution and web-based education : counting programme ;<br/>6: Solution providers ;<br/>7: Case studies.
650 ## - SUBJECT ADDED ENTRY--TOPICAL TERM
Topical term or geographic name entry element Judicial Resource Management
650 ## - SUBJECT ADDED ENTRY--TOPICAL TERM
Topical term or geographic name entry element Court Management
650 ## - SUBJECT ADDED ENTRY--TOPICAL TERM
Topical term or geographic name entry element Electronic Courts
700 ## - ADDED ENTRY--PERSONAL NAME
Personal name Tiwari, Murli D.
700 ## - ADDED ENTRY--PERSONAL NAME
Personal name Agarwala, Kamlesh N.
942 ## - ADDED ENTRY ELEMENTS (KOHA)
Source of classification or shelving scheme Dewey Decimal Classification
Koha item type BOOKs
Holdings
Withdrawn status Lost status Damaged status Not for loan Home library Current library Shelving location Date acquired Cost, normal purchase price Total Checkouts Full call number Barcode Date last seen Price effective from Koha item type
        NLS NLS   30/05/2017 695.00   347.013 AGA 21161 14/06/2024 30/05/2017 BOOKs
        NLS NLS   30/05/2017 695.00   347.013 AGA-2 28922 30/05/2017 30/05/2017 BOOKs